| 000 | 00358nam a2200121 4500 | ||
|---|---|---|---|
| 999 |
_c10095 _d10095 |
||
| 008 | 180801b ||||| |||| 00| 0 eng d | ||
| 100 |
_929805 _aQue, RND, RN, RD Cheshire |
||
| 245 | _a6 ways to lose weight if you're not a gym rat | ||
| 260 |
_aPhilippines _bManila Bulletin _cc2016 |
||
| 300 | _apage C-3. | ||
| 650 | 0 |
_929806 _aWeight loss. |
|
| 942 |
_2ddc _cPER |
||